| 000 | 01019cam a22002771 4500 | ||
|---|---|---|---|
| 001 | he 68001081 | ||
| 003 | DLC | ||
| 005 | 20260227111457.0 | ||
| 008 | 850117s1966 is b 000 0 heb | ||
| 010 | _ahe 68001081 | ||
| 035 | _a(OCoLC)19208101 | ||
| 040 |
_aDLC _cMH _dCU _dDLC |
||
| 042 | _apremarc | ||
| 050 | 0 | 0 |
_aZ3479.H5 _bM3 |
| 100 | 1 | _aMalamat, Abraham. | |
| 245 | 1 | 0 |
_aMadrikh bibliyografi le-toldot Yiśraʼel bi-teḳufat ha-Miḳra / _cʻarkhu A. Malamaṭ [ṿe-] Ḥ. Raviv. |
| 250 | _aMahadurat 724. | ||
| 260 |
_aJerusalem : _bha-Universiṭah ha-ʻIvrit, ha-Faḳulṭah le-madaʻe ha-ruaḥ, ha-Ḥug le-hisṭoryah shel ʻam Yiśraʼel, _c626 [1966] |
||
| 300 |
_a11, 40 p. ; _c27 cm. |
||
| 500 | _aCover title. | ||
| 500 | _aAdded cover title: A bibliography of the Biblical period (with emphasis on publications in modern Hebrew) | ||
| 504 | _aIncludes bibliography. | ||
| 650 | 0 |
_aJews _xHistory _yTo 586 B.C. _vBibliography. |
|
| 700 | 1 | _aReviv, Hanoch. | |
| 752 |
_aIsrael _dJerusalem |
||
| 999 |
_c33192 _d33192 |
||